<?xml version="1.0" encoding="UTF-8"?>
<collection xmlns="http://www.loc.gov/MARC21/slim">
 <record>
  <leader>05680nam a22006135i 4500</leader>
  <controlfield tag="001">978-3-540-92248-3</controlfield>
  <controlfield tag="003">DE-He213</controlfield>
  <controlfield tag="005">20210624172612.0</controlfield>
  <controlfield tag="007">cr nn 008mamaa</controlfield>
  <controlfield tag="008">100301s2008    gw |    s    |||| 0|eng d</controlfield>
  <datafield tag="020" ind1=" " ind2=" ">
   <subfield code="a">9783540922483</subfield>
   <subfield code="9">978-3-540-92248-3</subfield>
  </datafield>
  <datafield tag="024" ind1="7" ind2=" ">
   <subfield code="a">10.1007/978-3-540-92248-3</subfield>
   <subfield code="2">doi</subfield>
  </datafield>
  <datafield tag="050" ind1=" " ind2="4">
   <subfield code="a">QA76.9.A43</subfield>
  </datafield>
  <datafield tag="072" ind1=" " ind2="7">
   <subfield code="a">UMB</subfield>
   <subfield code="2">bicssc</subfield>
  </datafield>
  <datafield tag="072" ind1=" " ind2="7">
   <subfield code="a">COM051300</subfield>
   <subfield code="2">bisacsh</subfield>
  </datafield>
  <datafield tag="072" ind1=" " ind2="7">
   <subfield code="a">UMB</subfield>
   <subfield code="2">thema</subfield>
  </datafield>
  <datafield tag="082" ind1="0" ind2="4">
   <subfield code="a">005.1</subfield>
   <subfield code="2">23</subfield>
  </datafield>
  <datafield tag="245" ind1="1" ind2="0">
   <subfield code="a">Graph-Theoretic Concepts in Computer Science</subfield>
   <subfield code="h">[electronic resource] :</subfield>
   <subfield code="b">34th International Workshop, WG 2008, Durham, UK, June 30 -- July 2, 2008, Revised Papers /</subfield>
   <subfield code="c">edited by Hajo Broersma, Thomas Erlebach, Tom Friedetzky, Daniel Paulusma.</subfield>
  </datafield>
  <datafield tag="250" ind1=" " ind2=" ">
   <subfield code="a">1st ed. 2008.</subfield>
  </datafield>
  <datafield tag="264" ind1=" " ind2="1">
   <subfield code="a">Berlin, Heidelberg :</subfield>
   <subfield code="b">Springer Berlin Heidelberg :</subfield>
   <subfield code="b">Imprint: Springer,</subfield>
   <subfield code="c">2008.</subfield>
  </datafield>
  <datafield tag="300" ind1=" " ind2=" ">
   <subfield code="a">XIII, 386 p.</subfield>
   <subfield code="b">online resource.</subfield>
  </datafield>
  <datafield tag="336" ind1=" " ind2=" ">
   <subfield code="a">text</subfield>
   <subfield code="b">txt</subfield>
   <subfield code="2">rdacontent</subfield>
  </datafield>
  <datafield tag="337" ind1=" " ind2=" ">
   <subfield code="a">computer</subfield>
   <subfield code="b">c</subfield>
   <subfield code="2">rdamedia</subfield>
  </datafield>
  <datafield tag="338" ind1=" " ind2=" ">
   <subfield code="a">online resource</subfield>
   <subfield code="b">cr</subfield>
   <subfield code="2">rdacarrier</subfield>
  </datafield>
  <datafield tag="347" ind1=" " ind2=" ">
   <subfield code="a">text file</subfield>
   <subfield code="b">PDF</subfield>
   <subfield code="2">rda</subfield>
  </datafield>
  <datafield tag="490" ind1="1" ind2=" ">
   <subfield code="a">Theoretical Computer Science and General Issues ;</subfield>
   <subfield code="v">5344</subfield>
  </datafield>
  <datafield tag="505" ind1="0" ind2=" ">
   <subfield code="a">Invited Contributions -- (Un)-Stable Routing in the Internet: A Survey from the Algorithmic Perspective -- Memory Efficient Anonymous Graph Exploration -- Algorithmic Meta Theorems -- Regular Papers -- A Most General Edge Elimination Polynomial -- Approximating the Metric TSP in Linear Time -- The Valve Location Problem in Simple Network Topologies -- A 3/2-Approximation Algorithm for Finding Spanning Trees with Many Leaves in Cubic Graphs -- On the Pseudo-achromatic Number Problem -- Making Role Assignment Feasible: A Polynomial-Time Algorithm for Computing Ecological Colorings -- Faster Exact Bandwidth -- Additive Spanners for Circle Graphs and Polygonal Graphs -- Upward Straight-Line Embeddings of Directed Graphs into Point Sets -- Complexity of the Packing Coloring Problem for Trees -- Characterizations of Restricted Pairs of Planar Graphs Allowing Simultaneous Embedding with Fixed Edges -- A Lower Bound on the Area Requirements of Series-Parallel Graphs -- On Independent Sets and Bicliques in Graphs -- Evaluations of Graph Polynomials -- Parameterized Complexity for Domination Problems on Degenerate Graphs -- An Algorithm for Finding Input-Output Constrained Convex Sets in an Acyclic Digraph -- Cutwidth of Split Graphs, Threshold Graphs, and Proper Interval Graphs -- The Rank-Width of the Square Grid -- Improved Upper Bounds for Partial Vertex Cover -- On the Expressive Power of CNF Formulas of Bounded Tree- and Clique-Width -- Planar Feedback Vertex Set and Face Cover: Combinatorial Bounds and Subexponential Algorithms -- What Is between Chordal and Weakly Chordal Graphs? -- Parameterized Graph Cleaning Problems -- Traffic Grooming in Unidirectional WDM Rings with Bounded Degree Request Graph -- Fast Robber in Planar Graphs -- From a Circular-Arc Model to a Proper Circular-Arc Model -- Digraph Decompositions and Monotonicity in Digraph Searching -- Searching for a Visible, Lazy Fugitive -- A Faster Shortest-Paths Algorithm for Minor-Closed Graph Classes -- Local Construction and Coloring of Spanners of Location Aware Unit Disk Graphs.</subfield>
  </datafield>
  <datafield tag="520" ind1=" " ind2=" ">
   <subfield code="a">This book constitutes the thoroughly refereed post-conference proceedings of the 34th International Workshop on Graph-Theoretic Concepts in Computer Science, WG 2008, held in Durham, UK, in June/July 2008. The 30 revised full papers presented together with 3 invited paper were carefully reviewed and selected from 76 submissions. The papers feature original results on all aspects of graph-theoretic concepts in Computer Science, e.g. structural graph theory, sequential, parallel, and distributed graph and network algorithms and their complexity, graph grammars and graph rewriting systems, graph-based modeling, graph-drawing and layout, diagram methods, and support of these concepts by suitable implementations.</subfield>
  </datafield>
  <datafield tag="650" ind1=" " ind2="0">
   <subfield code="a">Algorithms.</subfield>
  </datafield>
  <datafield tag="650" ind1=" " ind2="0">
   <subfield code="a">Computer science—Mathematics.</subfield>
  </datafield>
  <datafield tag="650" ind1=" " ind2="0">
   <subfield code="a">Numerical analysis.</subfield>
  </datafield>
  <datafield tag="650" ind1=" " ind2="0">
   <subfield code="a">Data structures (Computer science).</subfield>
  </datafield>
  <datafield tag="650" ind1=" " ind2="0">
   <subfield code="a">Computer graphics.</subfield>
  </datafield>
  <datafield tag="650" ind1="1" ind2="4">
   <subfield code="a">Algorithm Analysis and Problem Complexity.</subfield>
   <subfield code="0">https://scigraph.springernature.com/ontologies/product-market-codes/I16021</subfield>
  </datafield>
  <datafield tag="650" ind1="2" ind2="4">
   <subfield code="a">Discrete Mathematics in Computer Science.</subfield>
   <subfield code="0">https://scigraph.springernature.com/ontologies/product-market-codes/I17028</subfield>
  </datafield>
  <datafield tag="650" ind1="2" ind2="4">
   <subfield code="a">Numeric Computing.</subfield>
   <subfield code="0">https://scigraph.springernature.com/ontologies/product-market-codes/I1701X</subfield>
  </datafield>
  <datafield tag="650" ind1="2" ind2="4">
   <subfield code="a">Data Structures.</subfield>
   <subfield code="0">https://scigraph.springernature.com/ontologies/product-market-codes/I15017</subfield>
  </datafield>
  <datafield tag="650" ind1="2" ind2="4">
   <subfield code="a">Computer Graphics.</subfield>
   <subfield code="0">https://scigraph.springernature.com/ontologies/product-market-codes/I22013</subfield>
  </datafield>
  <datafield tag="650" ind1="2" ind2="4">
   <subfield code="a">Algorithms.</subfield>
   <subfield code="0">https://scigraph.springernature.com/ontologies/product-market-codes/M14018</subfield>
  </datafield>
  <datafield tag="700" ind1="1" ind2=" ">
   <subfield code="a">Broersma, Hajo.</subfield>
   <subfield code="e">editor.</subfield>
   <subfield code="4">edt</subfield>
   <subfield code="4">http://id.loc.gov/vocabulary/relators/edt</subfield>
  </datafield>
  <datafield tag="700" ind1="1" ind2=" ">
   <subfield code="a">Erlebach, Thomas.</subfield>
   <subfield code="e">editor.</subfield>
   <subfield code="4">edt</subfield>
   <subfield code="4">http://id.loc.gov/vocabulary/relators/edt</subfield>
  </datafield>
  <datafield tag="700" ind1="1" ind2=" ">
   <subfield code="a">Friedetzky, Tom.</subfield>
   <subfield code="e">editor.</subfield>
   <subfield code="4">edt</subfield>
   <subfield code="4">http://id.loc.gov/vocabulary/relators/edt</subfield>
  </datafield>
  <datafield tag="700" ind1="1" ind2=" ">
   <subfield code="a">Paulusma, Daniel.</subfield>
   <subfield code="e">editor.</subfield>
   <subfield code="4">edt</subfield>
   <subfield code="4">http://id.loc.gov/vocabulary/relators/edt</subfield>
  </datafield>
  <datafield tag="710" ind1="2" ind2=" ">
   <subfield code="a">SpringerLink (Online service)</subfield>
  </datafield>
  <datafield tag="773" ind1="0" ind2=" ">
   <subfield code="t">Springer Nature eBook</subfield>
  </datafield>
  <datafield tag="776" ind1="0" ind2="8">
   <subfield code="i">Printed edition:</subfield>
   <subfield code="z">9783540922490</subfield>
  </datafield>
  <datafield tag="776" ind1="0" ind2="8">
   <subfield code="i">Printed edition:</subfield>
   <subfield code="z">9783540922476</subfield>
  </datafield>
  <datafield tag="830" ind1=" " ind2="0">
   <subfield code="a">Theoretical Computer Science and General Issues ;</subfield>
   <subfield code="v">5344</subfield>
  </datafield>
  <datafield tag="856" ind1="4" ind2="0">
   <subfield code="u">https://doi.org/10.1007/978-3-540-92248-3</subfield>
  </datafield>
  <datafield tag="912" ind1=" " ind2=" ">
   <subfield code="a">ZDB-2-SCS</subfield>
  </datafield>
  <datafield tag="912" ind1=" " ind2=" ">
   <subfield code="a">ZDB-2-SXCS</subfield>
  </datafield>
  <datafield tag="912" ind1=" " ind2=" ">
   <subfield code="a">ZDB-2-LNC</subfield>
  </datafield>
  <datafield tag="950" ind1=" " ind2=" ">
   <subfield code="a">Computer Science (SpringerNature-11645)</subfield>
  </datafield>
  <datafield tag="950" ind1=" " ind2=" ">
   <subfield code="a">Computer Science (R0) (SpringerNature-43710)</subfield>
  </datafield>
 </record>
</collection>
